Notas de topología algebraica /

Guardado en:
Autor Principal: Ricabarra, Rodolfo A., 1925-1984.
Otros Autores: Larotonda, Ángel Rafael, 1939-2005.
Formato: Libro
Idioma:Spanish
Publicado: [Buenos Aires] : Universidad de Buenos Aires, Facultad de Ciencias Exactas y Naturales, Departamento de Matemáticas, 1969.
Series:Cursos y seminarios de matemática ; fasc. 24
Etiquetas: Agregar Etiqueta
Sin Etiquetas, Sea el primero en etiquetar este registro!
LEADER 00837nam a22001935 4500
001 MAT.inmabb001898
008 751205s1969####ag############000#0#spa#d
005 20170511172055.0
245 1 0 |a Notas de topología algebraica /  |c R. A. Ricabarra, A. R. Larotonda. 
260 |a [Buenos Aires] :  |b Universidad de Buenos Aires, Facultad de Ciencias Exactas y Naturales, Departamento de Matemáticas,  |c 1969. 
300 |a 463, [3] p. ;  |c 28 cm. 
490 1 |a Cursos y seminarios de matemática ;  |v fasc. 24 
504 |a Bibliografía: p. [465]-[466] 
100 1 |a Ricabarra, Rodolfo A.,  |d 1925-1984. 
700 1 |a Larotonda, Ángel Rafael,  |d 1939-2005. 
810 |a Universidad de Buenos Aires.  |b Departamento de Matemática.  |t Cursos y seminarios de matemática ;  |v fasc. 24. 
084 |a 55 
010 |a  74203765  
859 |h 55  |i R487  |p A-3405  |b BIB. MATEMATICA